Dvě závažná nedorozumění Deficit státního rozpočtu
Domáca a zahraničná zadlženosť. Vláda a financovanie vládnych výdavkov (zvyšovanie daní alebo pôžičky od domáceho súkromného sektora). Ilúzie o anticyklickom pôsobení štátneho rozpočtu. Pasívna a aktívna fiškálna politika vlády. Stabilizačná úloha vlády pri zostavovaní štátneho rozpočtu.
Guardado en:
| Autor principal: | |
|---|---|
| Formato: | Capítulo de libro |
| Lenguaje: | checo |
| Materias: | |
| Etiquetas: |
Sin Etiquetas, Sea el primero en etiquetar este registro!
|
MARC
| LEADER | 00000naa a2200000 4500 | ||
|---|---|---|---|
| 001 | r024653 | ||
| 005 | 20221213081852.8 | ||
| 041 | 0 | |a cze | |
| 044 | |a CZ | ||
| 245 | 1 | 0 | |a Dvě závažná nedorozumění |b Deficit státního rozpočtu |c R. Holman |
| 520 | |a Domáca a zahraničná zadlženosť. Vláda a financovanie vládnych výdavkov (zvyšovanie daní alebo pôžičky od domáceho súkromného sektora). Ilúzie o anticyklickom pôsobení štátneho rozpočtu. Pasívna a aktívna fiškálna politika vlády. Stabilizačná úloha vlády pri zostavovaní štátneho rozpočtu. | ||
| 610 | 2 | 0 | |a rozpočet štátny |
| 610 | 2 | 0 | |a deficit |
| 610 | 2 | 0 | |a zadlženosť zahraničná |
| 610 | 2 | 0 | |a zadlženosť |
| 610 | 2 | 0 | |a politika fiškálna |
| 610 | 2 | 0 | |a vláda |
| 610 | 2 | 0 | |a Česko |
| 100 | 1 | |a Holman, R. | |